000 00507nam a2200181 i 4500
001 60814
003 ES-MaACL
005 20230906164318.0
007 t|
008 031106s1966 sp c |||| | spa d
100 1 _aEstrada Vidal, Fernando.
_948228
245 1 0 _aCatálogo mundial de transistores /
_cFernando Estrada Vidal.
250 _a1ª ed.
260 _a[Barcelona] :
_bElectrónica Janzer,
_c1966.
300 _a312 p. ;
_c15 cm.
650 0 4 _aTransistores.
_917626
852 _aES-MaACL
_jC-30677
999 _c60814
_d60814